000 00364pab a2200145 454500
008 180718b1990 xxu||||| |||| 00| 0 eng d
100 _aMitra, Asok
245 _aParting of ways
_bPartition and after in Bengal
260 _c1990
300 _a2441-4
362 _a3 Nov.
650 _aBengal - Politics
773 _aEconomic and Political Weekly
909 _a4417
999 _c4417
_d4417